| 000 | 00716nam a2200217 a 4500 | ||
|---|---|---|---|
| 001 | 19958 | ||
| 003 | CO-ViMGA | ||
| 008 | 141112s2004 ck r 000 u spa d | ||
| 020 | _a8476282001 | ||
| 040 |
_aCO-ViMGA _bspa _cCO-ViMGA |
||
| 082 | 0 | 4 | _a702.88 B324r |
| 100 | 1 |
_aBeck, James; Daley, Michael _928975 |
|
| 245 | 1 | 0 |
_aLa Restauración de obras de arte : _bnegocio, cultura, controversia y escándalo |
| 260 |
_aBarcelona : _bEdiciones del Serbal, _c1997 |
||
| 300 | _a276 p. | ||
| 490 | _aCultura artistica | ||
| 590 | _aForma de adquisición : Premio Mincultura | ||
| 650 | 1 | 4 |
_aARTE - RESTAURACION Y CONSERVACION _928976 |
| 650 | 1 | 4 |
_aCONSERVACION Y RESTAURACION DE OBRAS DE ARTE _928977 |
| 942 |
_2ddc _cBK |
||
| 999 |
_c29078 _d29078 |
||